| 000 | 00731nam a2200217 a 4500 | ||
|---|---|---|---|
| 003 | MX-MxUPN | ||
| 005 | 20240613102121.0 | ||
| 008 | 221111s1913 mx |||||r|||| 000 0 spa d | ||
| 040 |
_aMX-MxUPN _bspa _cMX-MxUPN |
||
| 041 | 0 | _aspa | |
| 050 | 1 | 4 |
_aPN45 _bV32 |
| 100 | 1 |
_aVargas, Fulgencio, _d1875-1962 _947324 |
|
| 245 | 1 | 0 | _aApuntes de literatura |
| 260 |
_aGuanajuato : _bManuel Gutiérrez Jr., _c1913. |
||
| 300 | _a146 páginas | ||
| 500 | _aEl ejemplar tiene un ex libris en sello con la siguiente leyenda: "Abel Godoy. Guanajuato" | ||
| 500 | _aEl ejemplar tiene una dedicatoria para Abel Godoy. | ||
| 650 | 4 |
_aLiteratura _xEstudio y enseñanza (Secundaria) _96686 |
|
| 902 | _aVíctor Ruiz/111122 | ||
| 942 |
_2lcc _cLIBRO |
||
| 999 |
_c209030 _d209030 |
||